Estado mundial de la infancia 2009 (Registro nro. 4126)

Detalles MARC
000 -LEADER
fixed length control field 01045 a2200205 4500
001 - CONTROL NUMBER
control field 46045
005 - DATE AND TIME OF LATEST TRANSACTION
control field 20260407155733.0
008 - FIXED-LENGTH DATA ELEMENTS--GENERAL INFORMATION
fixed length control field 260407a arg spa d
003 - CONTROL NUMBER IDENTIFIER
control field AR-UNSa-BCEJYS
040 ## - CATALOGING SOURCE
Original cataloging agency AR-UNSa-BCEJYS
Language of cataloging spa
Transcribing agency AR-UNSa-BCEJYS
080 ## - UNIVERSAL DECIMAL CLASSIFICATION NUMBER
Universal Decimal Classification number 613.95/9
Common auxiliary subdivision Salud e higiene Maternoinfantil
020 ## - INTERNATIONAL STANDARD BOOK NUMBER
International Standard Book Number 978-92-806-4323-7
100 1# - MAIN ENTRY--PERSONAL NAME
Personal name UNICEF
245 10 - TITLE STATEMENT
Title Estado mundial de la infancia 2009
Name of part/section of a work Salud materna y neonatal
264 #1 - PRODUCTION, PUBLICATION, DISTRIBUTION, MANUFACTURE, AND COPYRIGHT NOTICE
Place of production, publication, distribution, manufacture New York :
Name of producer, publisher, distributor, manufacturer UNICEF
505 ## - FORMATTED CONTENTS NOTE
Formatted contents note 1. Salud maternal y neonatal: situación actual - 2. Crear un entorno propicio para la salud maternal y neonatal - 3. La atención continua a través del tiempo y del espacio: riesgos y oportunidades - 4. Fortalecer los sistemas sanitarios para mejorar las salud de la madre y del recién nacido - 5. Trabajar de manera coordinada en beneficio de la salud de la madre y del recién nacido -
590 ## - LOCAL NOTE (RLIN)
Local note niveau_biblio:m niveau_hierar:0
856 41 - ELECTRONIC LOCATION AND ACCESS
Uniform Resource Identifier <a href="https://www.biblioeco.unsa.edu.ar/pmb/images/libros/L127294.jpg">https://www.biblioeco.unsa.edu.ar/pmb/images/libros/L127294.jpg</a>
Link text Imagen de portada
Electronic format type image/jpeg
942 ## - ADDED ENTRY ELEMENTS (KOHA)
Koha item type
Existencias
Withdrawn status Lost status Damaged status Not for loan Home library Current library Shelving location Date acquired Total checkouts Full call number Barcode Date last seen Price effective from Koha item type
        Biblioteca Prof. Eusebio Cleto del Rey Biblioteca Prof. Eusebio Cleto del Rey   07/04/2026   613.95/9 U58 L127294 07/04/2026 07/04/2026 Libro